Library Banner

Urban regeneration / (Record no. 95944)

MARC details
000 -LEADER
fixed length control field 01828cam a22003497i 4500
001 - CONTROL NUMBER
control field 18994387
005 - DATE AND TIME OF LATEST TRANSACTION
control field 20170731094938.0
008 - FIXED-LENGTH DATA ELEMENTS--GENERAL INFORMATION
fixed length control field 160225t20172017caua b 001 0 eng c
020 ## - INTERNATIONAL STANDARD BOOK NUMBER
International Standard Book Number 9781446252611 (hardback)
020 ## - INTERNATIONAL STANDARD BOOK NUMBER
International Standard Book Number 1446252612 (hardback)
020 ## - INTERNATIONAL STANDARD BOOK NUMBER
International Standard Book Number 9781446252628 (paperback)
020 ## - INTERNATIONAL STANDARD BOOK NUMBER
International Standard Book Number 1446252620 (paperback)
040 ## - CATALOGING SOURCE
Transcribing agency PK-LaUMT
082 00 - DEWEY DECIMAL CLASSIFICATION NUMBER
Classification number 711.4
Edition number 23
Item number URB-
245 00 - TITLE STATEMENT
Title Urban regeneration /
Statement of responsibility, etc edited by Peter Roberts, Hugh Sykes, and Rachel Granger
250 ## - EDITION STATEMENT
Edition statement 2nd ed.
260 ## - PUBLICATION, DISTRIBUTION, ETC. (IMPRINT)
Place of publication, distribution, etc Los Angeles :
Name of publisher, distributor, etc Sage Publications,
Date of publication, distribution, etc 2017
300 ## - PHYSICAL DESCRIPTION
Extent xv, 344 p. :
Other physical details illustrations ;
Dimensions 25 cm
500 ## - GENERAL NOTE
General note Previous edition as: Urban regeneration : a handbook / edited by Peter Roberts and Hugh Sykes, 1999.
520 ## - SUMMARY, ETC.
Summary, etc "Providing students and practitioners with a detailed overview of the key theoretical and applied issues, this book is a comprehensive and integrated primer on regeneration. The various chapters: review the history and context of urban regeneration; consider funding implications; look at environmental, social and community issues, as well as employment, education and training; focus on managing urban regeneration; consider land use issues; and discuss monitoring and evaluation. The book concludes with a comparative analysis, with examples from America and Europe, and a discussion of future trends. The book represents the first systematic overview of urban regeneration in one volume and is set to become the standard reference." --Publisher.
650 #0 - SUBJECT ADDED ENTRY--TOPICAL TERM
Topical term or geographic name as entry element Urban policy.
650 #0 - SUBJECT ADDED ENTRY--TOPICAL TERM
Topical term or geographic name as entry element Urban renewal.
650 #0 - SUBJECT ADDED ENTRY--TOPICAL TERM
Topical term or geographic name as entry element City planning.
650 #7 - SUBJECT ADDED ENTRY--TOPICAL TERM
Topical term or geographic name as entry element City planning.
650 #7 - SUBJECT ADDED ENTRY--TOPICAL TERM
Topical term or geographic name as entry element Urban policy.
650 #7 - SUBJECT ADDED ENTRY--TOPICAL TERM
Topical term or geographic name as entry element Urban renewal.
650 #7 - SUBJECT ADDED ENTRY--TOPICAL TERM
Topical term or geographic name as entry element Architecture and Planning.
700 1# - ADDED ENTRY--PERSONAL NAME
Personal name Roberts, Peter W.,
700 1# - ADDED ENTRY--PERSONAL NAME
Personal name Sykes, Hugh,
700 1# - ADDED ENTRY--PERSONAL NAME
Personal name Granger, Rachel,
942 ## - ADDED ENTRY ELEMENTS (KOHA)
Koha item type Books
Holdings
Withdrawn status Lost status Damaged status Home library Current library Date acquired Full call number Barcode Date last seen Price effective from Koha item type
      UMT Main Campus UMT Main Campus 2017-07-31 711.4 URB- 111585 2022-03-30 2017-07-31 Books